000
00275nam a2200109Ia 4500
008
190912s9999||||xx |||||||||||||| ||und||
100
_a
kitty O.Locker
245
0
_a
Business Administrative Communication
260
_a
london
_b
McGraw Hill
_c
2008
300
_a
701
942
_c
BK
999
_c
7625
_d
7625